000 00372nam a22001451a 4500
020 _a8123000502
082 _a759.954
_bRAN/K
100 _aRandhawa M S
245 _aKangra paintings on love/
_cby Randhawa M S
260 _aNew Delhi:
_bMinistry of Information and Broadcasting,
_c1994.
300 _a168p.
650 _aPaintings India
650 _aArts
942 _cBK
999 _c22764
_d22764